| 000 | 02536cam a22005654a 4500 | ||
|---|---|---|---|
| 003 | PE-LiUPU | ||
| 005 | 20250731172852.0 | ||
| 008 | 060428s2006 vtu rb 000 0 eng | ||
| 020 |
_a1580232418 _q(tapa dura) |
||
| 020 |
_a158023352X _q(pbk.) |
||
| 020 |
_a9781580232418 _q(tapa dura) |
||
| 020 |
_a9781580233521 _q(pbk.) |
||
| 035 | _a(Sirsi) i9781580232418 | ||
| 040 |
_aDLC _bspa _cDLC _dBAKER _dC#P _dIG# _dYDXCP _dOCLCQ _dBTCTA _dQBX _dOCLCQ _dYUS _dBDX _dOCLCA _dOCLCQ _dOCLCO _dOCLCA _dOCLCF _dOCLCO _dOCLCQ _dOCLCO _dPE-LiUPU _erda |
||
| 082 | 0 | 0 |
_a296.61 _bL29 _222 |
| 100 | 1 |
_aLaufer, Nathan, _d1957- , _eautor. |
|
| 245 | 1 | 4 |
_aThe genesis of leadership : _bwhat the Bible teaches us about vision, values, and leading change / _cNathan Laufer ; foreword by Joseph I. Lieberman ; preface by Michael Hammer. |
| 300 |
_axxi, 261 páginas ; _c23 centímetros |
||
| 336 |
_atext _2rdacontent |
||
| 337 |
_aunmediated _2rdamedia |
||
| 338 |
_avolume _2rdacarrier |
||
| 505 | 0 | _aIn the beginning-- : relationships, responsibility, and the primacy of values in leadership -- The ten guiding principles of leadership -- The challenges of leadership -- The legacy of leadership. | |
| 526 | _aSEG42 | ||
| 526 | _aSEG41 | ||
| 526 | _aSEG40 | ||
| 526 | _aSEG39 | ||
| 526 | _aP94 | ||
| 526 | _aP87 | ||
| 526 | _aP86 | ||
| 526 | _aP85 | ||
| 526 | _aP77 | ||
| 526 | _aP76 | ||
| 526 | _aP35 | ||
| 630 | 0 | 0 |
_aBiblia. _pAntiguo Testamento _xCrítica, Interpretación, etc. _95050 |
| 630 | 0 | 0 |
_aBiblia. _pGénesis _xCrítica, Interpretación, etc. |
| 630 | 0 | 7 |
_aBiblia. _pAntiguo testamento. |
| 630 | 0 | 7 |
_aBiblia. _pGénesis. |
| 650 | 0 |
_aLiderazgo _xAspectos religiosos _xJudaismo. |
|
| 650 | 0 |
_aLiderazgo _xEnseñanza Bíblica. |
|
| 856 | 4 | 1 |
_3Tabla de contenido _uhttp://catdir.loc.gov/catdir/toc/ecip0613/2006014154.html |
| 910 |
_ajck _bebj _cebj _d20160615 |
||
| 942 |
_2ddc _cBOOK |
||
| 949 |
_a296.61 L29 _wDEWEY _c1 _i73643 _lCCODEBUL1 _mBUL _p5.00 _r0 _sY _tBOOK _u2016-6-15 _xTEOLOGIA _PP35 _0COMPRA _o.STAFF. Colección General Teología |
||
| 994 |
_aC0 _bPEPRU |
||
| 856 | 4 | 1 |
_3Tabla de contenido _uhttp://catdir.loc.gov/catdir/toc/ecip0613/2006014154.html |
| 596 | _a1 | ||
| 999 |
_a296.61 L29 _wDEWEY _c9959 _i73643 _d9959 _f2021-11-11 _g5 _lCCODEBUL1 _mBUL _p5.00 _q1 _r0 _sY _tBOOK _u2016-6-15 _xTEOLOGIA _PP35 _0COMPRA _o.STAFF. Colección General Teología |
||
| 264 |
_aWoodstock, Vt. : _bJewish Lights Pub., _c©2006. |
||
| 980 |
_81 _gALBERTO SANCHEZ Responsable de Automatización |
||